| 000 | 00000nam 2200000za 4500 |
| 001 | 9.642483 |
| 003 | CaOODSP |
| 005 | 20221129115054 |
| 007 | cr ||||||||||| |
| 008 | 150407|1999||||xxc|||||o f|0| 0 fre d |
| 040 | |aCaOODSP|bfre |
| 043 | |an-cn--- |
| 086 | 1 |aF2-130/1999F-PDF |
| 110 | 1 |aCanada. |bMinistère des finances. |
| 245 | 10|aPropositions législatives et notes explicatives révisées concernant la migration des contribuables / |h[ressource électronique]|cpublié par le ministre des Finances, l'honorable Paul Martin, c.p., député. |
| 260 | |aOttawa - Ontario : |bFinances Canada. |cDécembre 1999. |
| 300 | |a131p. |
| 500 | |aLe n° de catalogue (F2-130/1999F) et l'ISBN (0-662-64627-4) de l'édition imprimée ont été incorrectement copiés dans l'édition électronique. |
| 590 | |a13-22-Supp|b2013-09-26 |
| 691 | 07|aAmendement|2gcpds |
| 691 | 07|aImpôt sur le revenu|2gcpds |
| 691 | 07|aRéglementation en matière de taxation|2gcpds |
| 775 | 08|tRevised legislative proposals and explanatory notes on taxpayer migration / |w(CaOODSP)9.698476 |
| 776 | 0#|tPropositions législatives et notes explicatives révisées concernant la migration des contribuables / |w(CaOODSP)9.680971 |
| 795 | |tPropositions législatives et notes explicatives concernant la migration des contribuables / |w(CaOODSP)9.642481 |
| 856 | 40|ahttp://publications.gc.ca|qPDF|s341 Ko|uhttps://publications.gc.ca/collections/Collection/F2-130-1999F.pdf |